000 01093nam0a2200313 4500
001 RU\NLR\bibl\947443
005 20260405152953.0
010 _a5-17-035832-6
_910000
021 _aRU
_b2006-23156
_91151
035 _a(NLR Aleph) 000935574
090 _a187201
_c187201
100 _a20060512d2006 |||y0rusy50 ca
101 0 _arus
102 _aRU
105 _aa |||||||||
200 1 _aФенечки из бисера
_fЕ. Виноградова
210 _aМосква
_cАСТ
_aСанкт-Петербург
_cСова
_d2006
215 _a90, [2] с.
_cил.
_d24
225 1 _aВ подарок
300 _aНа обл. авт. не указан
313 _aПлетение
606 1 _aПлетение из бисера
_92080103
_3RU\NLR\auth\661256017
686 _aМ484
700 1 _4070
_7ca
_8rus
_aВиноградова
_bЕ. Г.
_cавтор книг по рукоделию
_gЕлена Григорьевна
_946944
_3RU\NLR\auth\7764015
801 0 _aRU
_bNLR
_c20060512
_grcr
801 1 _aRU
_bNLR
_c20060512
942 _cBOOK
980 _aNB